Southville International School and Colleges
Your cart is empty.
  • Cart
  • Lists
    Public lists list_1 View all
    Your lists Log in to create your own lists
  • Log in to your account
  • Your cookies
  • Search history
Southville International School and Colleges
  • Advanced search
  • Recent comments
  • Most popular
  • Libraries

Log in to your account

Log in with GOOGLE


If you do not have an external account, but do have a local account, you can still log in:

  1. Home
  2. MARC view: Tourism :
Normal view MARC view ISBD view

Tourism : (Record no. 276031)

[ view plain ]
MARC details
000 -LEADER
fixed length control field 00633nam a22002057a 4500
003 - CONTROL NUMBER IDENTIFIER
control field SISC
005 - DATE AND TIME OF LATEST TRANSACTION
control field 20160819103535.0
008 - FIXED-LENGTH DATA ELEMENTS--GENERAL INFORMATION
fixed length control field 141008b xxu||||| |||| 00| 0 eng d
020 ## - INTERNATIONAL STANDARD BOOK NUMBER
International Standard Book Number 9789812533531
050 ## - LIBRARY OF CONGRESS CALL NUMBER
Classification number G 155.A1
Item number .G552 2012
100 ## - MAIN ENTRY--PERSONAL NAME
Personal name Goeldner, Charles R.
245 ## - TITLE STATEMENT
Title Tourism :
Remainder of title principles, practices, philosophies /
250 ## - EDITION STATEMENT
Edition statement 12th edition.
260 ## - PUBLICATION, DISTRIBUTION, ETC. (IMPRINT)
Place of publication, distribution, etc New Jersey :
Name of publisher, distributor, etc John Wiley & Sons, Inc.,
Date of publication, distribution, etc 2012.
300 ## - PHYSICAL DESCRIPTION
Extent 494 pages :
Other physical details illustrations ;
Dimensions 24 cm.
500 ## - GENERAL NOTE
General note Includes bibliographical references, glossary and index.
521 ## - TARGET AUDIENCE NOTE
Target audience note Tourism
650 ## - SUBJECT ADDED ENTRY--TOPICAL TERM
Topical term or geographic name as entry element Tourism
General subdivision Principles.
942 ## - ADDED ENTRY ELEMENTS (KOHA)
Source of classification or shelving scheme Library of Congress Classification
Koha item type Books
Call number prefix Foreign
Holdings
Withdrawn status Lost status Source of classification or shelving scheme Damaged status Home library Current library Shelving location Date acquired Source of acquisition Total Checkouts Total Renewals Full call number Barcode Date last seen Date checked out Price effective from Koha item type Cost, normal purchase price
    Library of Congress Classification   College Library College Library Reserve Section 03/21/2014 Donation 1 7 G 155.A1 .G552 2012 C17582 05/15/2018 09/08/2014 03/21/2014 Books  
    Library of Congress Classification   College Library College Library Reserve Section 10/08/2014 Library Fund     G 155.A1 .G595 2012 C18761 05/15/2018   10/08/2014 Books  
    Library of Congress Classification   College Library College Library Reserve Section 08/05/2015 Library Fund     G 155.A1 .G552 2012 C19666 05/15/2018   08/05/2015 Books 698.00

Tourism :

APA

Goeldner C. R., . (2012). Tourism. New Jersey: John Wiley & Sons, Inc.

Chicago

Goeldner Charles R, . 2012. Tourism. New Jersey: John Wiley & Sons, Inc.

Harvard

Goeldner C. R., . (2012). Tourism. New Jersey: John Wiley & Sons, Inc.

MLA

Goeldner Charles R, . Tourism. New Jersey: John Wiley & Sons, Inc. 2012.

  • Place hold
  • Print
  • Cite
  • Add to your cart (remove)
  • Save record
    BIBTEX Dublin Core MARCXML MARC (non-Unicode/MARC-8) MARC (Unicode/UTF-8) MARC (Unicode/UTF-8, Standard) MODS (XML) RIS
  • More searches
    Search for this title in:
    Other Libraries (WorldCat) Other Databases (Google Scholar) Online Stores (Bookfinder.com) Open Library (openlibrary.org)

Exporting to Dublin Core...

SOUTHVILLE LIBRARY

Southville International School and Colleges Library

1281 Tropical Ave. Cor. Luxembourg St., BF Homes International, Las Pinas City

Tel. No. 8256374 / 252358 Loc. 117/146

Powered by Koha